The Alan Parsons Project: Albums by Cover - Statistics

General Stats
  • This quiz has been taken 14 times
  • The average score is 9 of 11
Answer Stats
Picture Hint Answer % Correct
1982 Eye in the Sky
100%
1977 I Robot
92%
1980 The Turn of a Friendly Card
92%
1984 Ammonia Avenue
77%
1979 Eve
77%
1978 Pyramid
77%
1976 Tales of Mystery and Imagination
77%
1987 Gaudi
69%
1985 Vulture Culture
69%
1985 Stereotomy
62%
2014 The Sicilian Defence
62%
No matching quizzes found
Score Distribution
Percent of People with Each Score
Percentile by Number Answered
Your Score History
You have not taken this quiz